Psico-yoga : (Record no. 58726)

MARC details
000 -LEADER
campo de control de longitud fija 00577nam a2200205 i 4500
001 - NÚMERO DE CONTROL
campo de control 58726
003 - IDENTIFICADOR DE NÚMERO DE CONTROL
campo de control ES-MaACL
005 - FECHA Y HORA DE LA ÚLTIMA TRANSACCIÓN
campo de control 20230906163854.0
007 - CAMPO FIJO DE DESCRIPCIÓN FÍSICA--INFORMACIÓN GENERAL
campo de control de longitud fija t|
008 - DATOS DE LONGITUD FIJA--INFORMACIÓN GENERAL
campo de control de longitud fija 031023s1970 cl ||||1| spa d
080 ## - NÚMERO DE LA CLASIFICACIÓN DECIMAL UNIVERSAL
Número de la Clasificación Decimal Universal 613.7:1(54)
100 1# - ENTRADA PRINCIPAL--NOMBRE DE PERSONA
Nombre de persona Edwin, B.
9 (RLIN) 46678
245 10 - MENCIÓN DEL TÍTULO
Título Psico-yoga :
Resto del título práctica del control mental /
Mención de responsabilidad, etc. B. Edwin ; [traductor Sergio Tapia].
250 ## - MENCION DE EDICION
Mención de edición 1ª ed.
260 ## - PUBLICACIÓN, DISTRIBUCIÓN, ETC.
Lugar de publicación, distribución, etc. Santiago de Chile :
Nombre del editor, distribuidor, etc. Pomaire,
Fecha de publicación, distribución, etc. 1970.
300 ## - DESCRIPCIÓN FÍSICA
Extensión 114 p., 8 lám. ;
Dimensiones 23 cm.
650 #4 - PUNTO DE ACCESO ADICIONAL DE MATERIA--TÉRMINO DE MATERIA
Término de materia o nombre geográfico como elemento de entrada Yoga.
9 (RLIN) 17859
700 1# - ENTRADA AGREGADA--NOMBRE PERSONAL
Nombre de persona Tapia, Sergio.
9 (RLIN) 109231
852 4# - LOCALIZACIÓN
Ubicación ES-MaACL
Número de control de estantería C-44573
Holdings
Estatus retirado Estado de pérdida Estado de daño No para préstamo Biblioteca de origen Biblioteca actual Ubicación en estantería Fecha de adquisición Fuente de adquisición Total de préstamos Signatura topográfica completa Código de barras Visto por última vez Precio de reemplazo Tipo de ítem Koha
        Biblioteca del Ateneo de Madrid Biblioteca del Ateneo de Madrid Depósito 2 17/01/2008     C-44573 1061609 23/02/2023 23/02/2023 Libro impreso